Statistics for 1M+ Cities By Letter On A Map - L

Click here to take the quiz!

General Stats

  • This quiz has been taken 208 times
  • The average score is 9 of 14

Answers on the Map

Answers color-coded by a green-red scale on the quiz's map according to % correct below.
 

Answer Stats

PopulationCity% Correct
7,556,900London
99%
7,737,002Lima
98%
3,971,883Los Angeles
98%
9,000,000Lagos
96%
2,776,168Luanda
93%
6,310,888Lahore
91%
1,267,440Lusaka
80%
2,472,011Lucknow
54%
1,373,770Lubumbashi
47%
1,238,962Leon
38%
2,628,426Lanzhou
28%
1,545,368Ludhiana
17%
1,390,581Luoyang
17%
1,137,600Lijiang
7%

Score Distribution

Percentile by Number Answered

Percent of People with Each Score

Your Score History

You have not taken this quiz